000 00501nam a22001697a 4500
005 20250319161230.0
008 250319b |||||||| |||| 00| 0 eng d
020 _a9781847207777
041 _aEng.
082 _a658.4012 TAN
100 _aTan, Kim Hua
245 _aOperations Strategy in Action: A Guide to the Theory and Practice of Implementation
260 _aCheltenham, UK
_bEdward Elgar Publishing Limited
_c2009
300 _a223;. P. 23 cm
650 _aStrategic Planning
942 _cBK
999 _c43345
_d43345